French Cities by their Spanish Names - Statistics

General Stats
  • This quiz has been taken 56 times
  • The average score is 11 of 15
Answer Stats
Spanish city name French city name % Correct
Marsella Marseille
100%
Niza Nice
100%
Estrasburgo Strasbourg
100%
Tolosa Toulouse
100%
Lila Lille
98%
Burdeos Bordeaux
96%
Calés Calais
87%
Cayena Cayenne
78%
Ruan Rouen
78%
Tolón Toulon
78%
Ayacio Ajaccio
74%
Perpiñán Perpignan
72%
Valenciana Valenciennes
37%
Bovés Beauvais
28%
Piteos Poitiers
17%
No matching quizzes found
Score Distribution
Percent of People with Each Score
Percentile by Number Answered
Your Score History
You have not taken this quiz